• 首页
  • 本馆介绍
  • 公告通知
  • 最新文献
  • 馆藏检索
  • 电子资源
  • 读者导购
  • 参考咨询
  • 我的图书馆
  • 登录
  • 详细信息显示
  • 放入我的书架
  • 预约/预借图书
  • 作者相关作品
  • 分类相关作品
  • 丛书相关作品
  • 出版社相关作品

书目信息

  • 表格格式
  • 工作单格式
  • 卡片格式
题名:
心理和脑与生活
    
 
作者: 黑尔·埃文斯 著 ;宫宇轩 , 刘兰 译
分册:  
出版信息: 北京   科学出版社  2007
页数: 305页
开本: 24cm
丛书名:
单 册:
中图分类: B84-49 , R161.1
科图分类:
主题词: 心理学--通俗读物 , 脑--保健--普及读物
电子资源:
ISBN: 978-7-03-019347-6
000 01162nam0 2200301 450
001 1568440013
005 20150131190056.25
010    @a978-7-03-019347-6@dCNY48.00
100    @a20070608d2007 em y0chiy50 ea
101 1  @achi@ceng
102    @aCN@b110000
105    @ay z 000yy
200 1  @a心理和脑与生活@9xin li he nao yu sheng huo@dMind performance hacks@e训练脑与心智的75项窍门@fRon Hale-Evans著@g宫宇轩,刘兰译@zeng
210    @a北京@c科学出版社@d2007
215    @a305页@d24cm
305    @aO'Reilly Media,Inc.授权出版
330    @a本书提供了能够用于实际生活的秘诀和方法,运用这些方法能使你的大脑超常工作,让你成为更好的思想者。本书能够帮助你排除混乱,让大脑有序、安全、高产地工作。
510 1  @aMind performance hacks@zeng
517 1  @a训练脑与心智的75项窍门@9xun lian nao yu xin zhi de 75 xiang qiao men
606 0  @a心理学@j通俗读物
606 0  @a脑@x保健@j普及读物
690    @aB84-49@v5
690    @aR161.1@v5
701  0 @c( )@a黑尔·埃文斯@9hei er · ai wen si@c(Hale-Evans, Ron)@4著
702  0 @a宫宇轩@9gong yu xuan@4译
702  0 @a刘兰@9liu lan@c(翻译)@4译
801  0 @aCN@bTSSF@c20150131
905    @aZUCC@dB84-49@eJY16
    
    心理和脑与生活=Mind performance hacks:训练脑与心智的75项窍门/Ron Hale-Evans著/宫宇轩,刘兰译.-北京:科学出版社,2007
    305页;24cm
    
    
    ISBN 978-7-03-019347-6:CNY48.00
    本书提供了能够用于实际生活的秘诀和方法,运用这些方法能使你的大脑超常工作,让你成为更好的思想者。本书能够帮助你排除混乱,让大脑有序、安全、高产地工作。
●
相关链接 在E读中查询图书 在五车中查询图书 在当当中查询图书 在豆瓣中查询图书


正题名:心理和脑与生活     索取号:B84-49/JY16         预约/预借

序号 登录号 条形码 馆藏地/架位号 状态 备注
1 7857415   278574151   学院路分馆/ [索取号:B84-49/JY16] 在馆    
唐山师范学院图书馆 欢迎您!
大连网信软件有限公司© 版权所有